Logo BPK

Biblioteka

Politechniki Koszalińskiej

Spokój śni nam się tylko / (Rekord nr 13047)

Szczegóły MARC
000 -ETYKIETA REKORDU
podpole kontrolne o stałej długości 01594nam a2200361 i 4500
001 - NUMER KONTROLNY REKORDU
pole kontrolne b19845911
003 - IDENTYFIKATOR NUMERU KONTROLNEGO REKORDU
podpole kontrolne KOSZ 005
005 - DATA OSTATNIEJ MODYFIKACJI REKORDU
podpole kontrolne 20240405063016.0
008 - POLE O STAŁEJ DŁUGOŚCI - DANE KONTROLNE
podpole kontrolne o stałej długości 070919s1970 pl a g 000 0 pol
015 ## - NUMER BIBLIOGRAFII NARODOWEJ
Numer bibliografii narodowej PB 1970/8626
040 ## - ŹRÓDŁO KATALOGOWANIA
Instytucja, która sporządziła opis WA N
Instytucja, która utworzyła rekord WA N
Instytucja, która dokonała modyfikacji KOSZ 005/ID
041 1# - KOD JĘZYKA
Kod języka tekstu pol
Kod języka oryginału rus
080 ## - UNIWERSALNA KLASYFIKACJA DZIESIĘTNA - UKD
UKD 329.78(47+57):323.2(47+57):355.48(47+57:430):92
100 1# - NAZWA OSOBOWA
Nazwa osobowa Mihajlov, Nikolaj Aleksandrovič
Daty związane z nazwą (1906-1982).
Określenie rodzaju współpracy Autor
245 10 - TYTUŁ/ODPOWIEDZIALNOŚĆ
Tytuł Spokój śni nam się tylko /
Pozostałe elementy strefy tytułu i oznaczenia odpowiedzialności Mikołaj Michajłow ; przeł. Ryszard Nowakowski, Jadwiga Szymak ; słowo wstępne Janusz Przymanowski.
246 1# - WARIANT TYTUŁU
Treść wyrażenia wprowadzającego Tyt. oryg. :
Tytuł Pokoj nem toľko snitsâ
260 ## - STREFA ADRESU WYDAWNICZEGO
Miejsce wydania Kraków :
Nazwa wydawcy/dystrybutora Wydawnictwo Literackie,
Data publikacji, dystrybucji/powstania dokumentu dr. 1970.
300 ## - STREFA OPISU FIZYCZNEGO
Objętość XVII, [1], 280, [2] s., [16] k. tabl. :
Inne cechy fizyczne il. ;
Rozmiary 18 cm.
380 ## - FORMA I TYP PUBLIKACJI
Forma i typ publikacji Książki.
520 8# - UWAGA DOTYCZĄCA TREŚCI DOKUMENTU
Analiza dokumentacyjna, adnotacja itp. Wspomnienia dotyczące udziału Komsomołu w drugiej wojnie światowej.
600 14 - HASŁO PRZEDMIOTOWE W FORMIE NAZWY OSOBOWEJ
Nazwa osobowa Mihajlov, Nikolaj Aleksandrovič
Daty związane z nazwą (1906-1982)
610 24 - HASŁO PRZEDMIOTOWE W FORMIE NAZWY CIAŁA ZBIOROWEGO
Nazwa ciała zbiorowego lub nazwa geograficzna Vsesoûznyj Leninskij Kommunističeskij Soûz Molodeži
Określnik chronologiczny 1939-1945 r.
650 #4 - HASŁO PRZEDMIOTOWE W FORMIE NAZWY OGÓLNEJ LUB JEDNOSTKOWEJ
Nazwa ogólna lub geograficzna Wojna 1939-1945 r.
Określnik geograficzny ZSRR.
655 #4 - TERMIN INDEKSOWY - OKREŚLENIE RODZAJU/FORMY DOKUMENTU
Określenie rodzaju/formy dokumentu Pamiętniki rosyjskie
Określnik chronologiczny 1939-1945 r.
648 #4 - HASŁO PRZEDMIOTOWE - TERMIN CHRONOLOGICZNY
Termin chronologiczny 1901-2000
648 #4 - HASŁO PRZEDMIOTOWE - TERMIN CHRONOLOGICZNY
Termin chronologiczny 1939-1945
700 1# - HASŁO DODATKOWE - NAZWA OSOBOWA
Nazwa osobowa Nowakowski, Ryszard
Określenie związku między hasłem a opisywanym materiałem Tłumaczenie
700 1# - HASŁO DODATKOWE - NAZWA OSOBOWA
Nazwa osobowa Szymak-Reiferowa, Jadwiga
Daty związane z nazwą (1931- ).
Określenie związku między hasłem a opisywanym materiałem Tłumaczenie
700 1# - HASŁO DODATKOWE - NAZWA OSOBOWA
Nazwa osobowa Przymanowski, Janusz
Daty związane z nazwą (1922-1998).
Określenie związku między hasłem a opisywanym materiałem Wstęp.
710 2# - HASŁO DODATKOWE - NAZWA CIAŁA ZBIOROWEGO
Nazwa ciała zbiorowego lub jednostki geograficznej Wydawnictwo Literackie
Kod określenia powiązania pbl.
856 ## - LOKALIZACJA I DOSTĘP DO ELEKTRONICZNYCH DOKUMENTÓW ZDALNYCH
Link (URL) http://koha.tu.koszalin.pl/cgi-bin/koha/opac-detail.pl?biblionumber=13047
Tekst linku Katalog online BPK
942 ## - DODATKOWE ELEMENTY (KOHA)
Schemat klasyfikacji Uniwersalna Klasyfikacja Dziesiętna
Typ dokumentu Książka
Egzemplarze
Wycofany Status egzemplarza Uszkodzony Dostępność Lokalizacja stała Lokalizacja bieżąca Miejsce przechowywania Sygnatura Kod kreskowy Typ dokumentu
      Dostępny Biblioteka Politechniki Koszalińskiej Biblioteka Politechniki Koszalińskiej Wypożyczalnia BG 9569 01777192 Książka
© 2023 Biblioteka Politechniki Koszalińskiej :: KOHA